00563 2200205 4500001002100000005001700021008004100038035002500079040001200104082001100116090002000127100002000147245006400167250001100231260003800242300002200280650002800302850001200330990001500342YOGYA-0209000006587620150706105018.0 ind  a0010-020900000065876 aYOPDYOG a808.83 aT 808.83bKhu G aKHUDORI, Darwis aGadis dalam lukisanb: kumpulan cerpencoleh Darwis Khudori aCet. 1 aJakartabGaya favorit Pressc1982 a63 hlm. ;c17 cm. aKesusastraan - Kumpulan aYOPDYOG a51506-P/94